| 000 | 00891cam a2200241 4500 | ||
|---|---|---|---|
| 001 | WB3642-34 | ||
| 008 | 000000n2000 000 0 eng u | ||
| 035 | _a(Sirsi) u108948 | ||
| 245 | _aRevamp of rural planning guide | ||
| 260 | _c2000 | ||
| 490 |
_aFarmers' Weekly _v133(12) 20-26 October 2000, 17(1) |
||
| 520 | _aFarmers welcome DOE revised guidance note on regional planning (PPG11) which encourages farm diversification. The chapter on rural development states that farmers need to set up new business initiatives to maintain the economic vitality of rural communities. | ||
| 590 | _aWB | ||
| 650 | _aPPG11 | ||
| 650 | _aRURAL COMMUNITIES | ||
| 650 | _aREGIONAL PLANNING | ||
| 650 | _aRURAL DEVELOPMENT | ||
| 650 | _aPLANNING POLICY GUIDANCE | ||
| 650 | _aFARM BUSINESSES | ||
| 650 | _aFARM DIVERSIFICATION | ||
| 690 | _aRURAL-FARM BUSINESS MANAGEMENT | ||
| 942 | _n0 | ||
| 999 |
_c65056 _d65056 |
||